000 00387nam a2200145Ia 4500
999 _c10526
_d10526
003 OSt
005 20220330121515.0
008 220318s9999 xx 000 0 und d
020 _a9788192816173
082 _a721.0441
_bMER
100 _aMerrienboer
245 0 _aArchitectural Material & Detail Structure: Masonry
260 _aDesign Media Publishing (UK) Limited, 2016
942 _2ddc